World Geography: (Record no. 215018)
[ view plain ]
| 000 -LEADER | |
|---|---|
| fixed length control field | 00587nam a22001697a 4500 |
| 005 - DATE AND TIME OF LATEST TRANSACTION | |
| control field | 20260228161700.0 |
| 010 ## - LCCN (DPL NO) | |
| LC control number | BACEN26 |
| 020 ## - INTERNATIONAL STANDARD BOOK NUMBER | |
| International Standard Book Number | 9788190817530 |
| Terms of availability | 499.00 |
| 037 ## - SOURCE OF ACQUISITION | |
| Source of stock number/acquisition | Vrinda |
| 082 ## - DEWEY DECIMAL CLASSIFICATION NUMBER | |
| Classification number | 910 |
| 100 ## - MAIN ENTRY--PERSONAL NAME | |
| Personal name | Barnwal, mahesh kumar |
| 245 ## - TITLE STATEMENT | |
| Title | World Geography: |
| Statement of responsibility, etc | by Mahesh Kumar Barnwal |
| Remainder of title | the gist of NCERT VIth to XIIth useful for all cometitive exams/ |
| 260 ## - PUBLICATION, DISTRIBUTION, ETC. (IMPRINT) | |
| Place of publication, distribution, etc | Delhi |
| Name of publisher, distributor, etc | Cosmos Publicaion |
| Date of publication, distribution, etc | 2025 |
| 270 ## - ADDRESS | |
| Address | B-3,37-39, Ansal building, comn, complex, Dr. mukherjee nagar |
| City | Delhi |
| Postal code | 110009 |
| 300 ## - PHYSICAL DESCRIPTION | |
| Extent | vp. |
| Dimensions | 27cm(bpk) |
| 942 ## - ADDED ENTRY ELEMENTS (KOHA) | |
| Source of classification or shelving scheme | Dewey Decimal Classification |
| Item type | English Books |
| Call number suffix | BAR |
| Classification part | 910 |
No items available.
